[Event "Verbandsliga Nordbaden 1819"]
[Site "Baden"]
[Date "2019.03.10"]
[Round "7.5"]
[White "Kistner, Klaus"]
[Black "Schmidt, Ulrich"]
[Result "1-0"]
[WhiteElo "2169"]
[BlackElo "2089"]
[PlyCount "135"]
[EventDate "2018.10.14"]
[EventType "team-tourn"]
[EventRounds "9"]
[EventCountry "GER"]
[SourceTitle "EXT 2020"]
[Source "ChessBase"]
[SourceDate "2019.10.17"]
[SourceVersion "1"]
[SourceVersionDate "2019.10.17"]
[SourceQuality "1"]
[WhiteTeam "Bad Mergentheim II"]
[BlackTeam "Walldorf II"]
[WhiteTeamCountry "GER"]
[BlackTeamCountry "GER"]

1. Nf3 c5 2. c4 Nf6 3. g3 d5 4. cxd5 Nxd5 5. Bg2 Nc6 6. 0-0 e5 7. d3 Be7 8. Nc3 Nc7 9. b3 0-0 10. Bb2 f6 11. Rc1 Rb8 12. e3 Bg4 13. h3 Bh5 14. Qd2 Qd7 15. Ne4 b6 16. g4 Bg6 17. Rfd1 Bxe4 18. dxe4 Qxd2 19. Rxd2 Rfd8 20. Rcd1 Rxd2 21. Rxd2 Rd8 22. Bf1 Rxd2 23. Nxd2 b5 24. Nb1 Kf7 25. Nc3 a6 26. Nd5 Bd6 27. a4 Na7 28. Bc3 Ke6 29. f4 exf4 30. exf4 Nxd5 31. f5+ Kd7 32. exd5 Bf4 33. Ba5 Bc7 34. Bd2 Bb6 35. a5 Bc7 36. Kf2 Nc8 37. b4 Bd6 38. bxc5 Bxc5+ 39. Kf3 Nd6 40. Bd3 Nb7 41. Bc3 Bd6 42. Bxb5+ axb5 43. a6 Bc5 44. axb7 Kc7 45. g5 Be7 46. Ke4 Kxb7 47. g6 hxg6 48. fxg6 b4 49. Bb2 Kc7 50. h4 Bf8 51. h5 Kd7 52. Bc1 Kd6 53. Bf4+ Kd7 54. Kd4 Kd8 55. Kc4 Kd7 56. Bd2 f5 57. Bxb4 Ke8 58. Bxf8 Kxf8 59. d6 f4 60. Kd4 Ke8 61. h6 gxh6 62. g7 Kf7 63. d7 Kxg7 64. d8Q Kg6 65. Ke4 Kh5 66. Qg8 Kh4 67. Kxf4 h5 68. Qg3# 1-0

[Event "Verbandsliga Nordbaden 1819"]
[Site "Baden"]
[Date "2019.02.17"]
[Round "6.5"]
[White "Schmidt, Ulrich"]
[Black "Gogollok, Carsten"]
[Result "1/2-1/2"]
[WhiteElo "2089"]
[BlackElo "2005"]
[PlyCount "65"]
[EventDate "2018.10.14"]
[EventType "team-tourn"]
[EventRounds "9"]
[EventCountry "GER"]
[SourceTitle "EXT 2020"]
[Source "ChessBase"]
[SourceDate "2019.10.17"]
[SourceVersion "1"]
[SourceVersionDate "2019.10.17"]
[SourceQuality "1"]
[WhiteTeam "Walldorf II"]
[BlackTeam "Buchen II"]
[WhiteTeamCountry "GER"]
[BlackTeamCountry "GER"]

1. d4 d5 2. c4 e6 3. Nc3 Nf6 4. cxd5 exd5 5. Bg5 c6 6. Qc2 h6 7. Bh4 Be7 8. e3 0-0 9. Bd3 Re8 10. Nge2 Ne4 11. Bxe7 Qxe7 12. Bxe4 dxe4 13. Ng3 f5 14. 0-0 Na6 15. a3 Be6 16. Nce2 g6 17. Nf4 Bf7 18. b4 Nc7 19. Qc5 Qf6 20. f3 exf3 21. Rxf3 Nd5 22. e4 b6 23. Nxd5 cxd5 24. e5 bxc5 25. exf6 c4 26. h4 Re6 27. h5 Rxf6 28. hxg6 Bxg6 29. Re1 f4 30. Re5 Raf8 31. Nh5 Bxh5 32. Rxh5 Rd6 33. Rh4 1/2-1/2

[Event "Verbandsliga Nordbaden 1718"]
[Site "Baden"]
[Date "2018.02.18"]
[Round "6.5"]
[White "Elis, Volker"]
[Black "Schmidt, Ulrich"]
[Result "1-0"]
[WhiteElo "2200"]
[BlackElo "2088"]
[PlyCount "67"]
[EventDate "2017.10.08"]
[EventType "team-tourn"]
[EventRounds "9"]
[EventCountry "GER"]
[SourceTitle "EXT 2019"]
[Source "ChessBase"]
[SourceDate "2018.10.10"]
[SourceVersion "1"]
[SourceVersionDate "2018.10.10"]
[SourceQuality "1"]
[WhiteTeam "Heidelberg"]
[BlackTeam "Walldorf II"]
[WhiteTeamCountry "GER"]
[BlackTeamCountry "GER"]

1. Nf3 c5 2. c4 Nf6 3. Nc3 d5 4. cxd5 Nxd5 5. d4 Nxc3 6. bxc3 g6 7. Bg5 Bg7 8. Qd2 0-0 9. Rc1 Bg4 10. d5 Nd7 11. e4 f6 12. Be3 Bxf3 13. gxf3 f5 14. Be2 Qc7 15. Bg5 Rae8 16. h4 fxe4 17. fxe4 Qe5 18. Qe3 Nf6 19. f3 Nh5 20. Kd2 a6 21. Rhg1 b5 22. Qxc5 e6 23. Be3 Rd8 24. Rg5 Qh2 25. Rxh5 gxh5 26. Rg1 Qd6 27. Qxd6 Rxd6 28. Bc5 Rdd8 29. Bxf8 Kxf8 30. c4 Bf6 31. Ke3 Ke7 32. f4 Bxh4 33. Rh1 Be1 34. Rxe1 1-0

[Event "Baden-ch op"]
[Site "Walldorf"]
[Date "2017.07.29"]
[Round "6"]
[White "Hautmann, Thomas"]
[Black "Schmidt, Ulrich"]
[Result "0-1"]
[WhiteElo "2087"]
[BlackElo "2147"]
[PlyCount "56"]
[EventDate "2017.07.26"]
[EventType "swiss"]
[EventRounds "7"]
[EventCountry "GER"]
[SourceTitle "CBM 179 Extra"]
[Source "ChessBase"]
[SourceDate "2017.08.23"]
[SourceVersion "1"]
[SourceVersionDate "2017.08.23"]
[SourceQuality "1"]

1. e4 c5 2. Nf3 e6 3. d4 cxd4 4. Nxd4 Nf6 5. Nc3 Bb4 6. Bd3 Nc6 7. Be3 Qa5 8. 0-0 a6 9. Nb3 Qc7 10. Ne2 Ng4 11. Bf4 Bd6 12. Bxd6 Qxd6 13. Ng3 h5 14. f4 Ne3 15. Qf3 Nxf1 16. Rxf1 Nd4 17. Qf2 Nxb3 18. axb3 h4 19. Ne2 b6 20. Qf3 Bb7 21. f5 Qc5+ 22. Kh1 exf5 23. Qf4 0-0-0 24. h3 Rde8 25. Nc3 b5 26. exf5 Qe3 27. Qd6 Qxh3+ 28. Qh2 Bxg2+ 0-1

[Event "Baden-ch op"]
[Site "Walldorf"]
[Date "2017.07.29"]
[Round "7"]
[White "Schmidt, Ulrich"]
[Black "Hamid, Emran"]
[Result "0-1"]
[WhiteElo "2147"]
[BlackElo "2143"]
[PlyCount "98"]
[EventDate "2017.07.26"]
[EventType "swiss"]
[EventRounds "7"]
[EventCountry "GER"]
[SourceTitle "CBM 179 Extra"]
[Source "ChessBase"]
[SourceDate "2017.08.23"]
[SourceVersion "1"]
[SourceVersionDate "2017.08.23"]
[SourceQuality "1"]

1. d4 Nf6 2. c4 e6 3. Nc3 Bb4 4. e3 b6 5. Nge2 Ne4 6. Qc2 Bb7 7. a3 Bxc3+ 8. Nxc3 Nxc3 9. Qxc3 d6 10. b3 Nd7 11. Bb2 Qe7 12. Qc2 0-0 13. f3 f5 14. Bd3 Qg5 15. Qf2 Rae8 16. h4 Qh6 17. 0-0 e5 18. dxe5 Nxe5 19. Bxe5 Rxe5 20. Rae1 g6 21. g3 Rfe8 22. e4 f4 23. g4 Qf8 24. Ra1 Bc8 25. Rfd1 Be6 26. a4 a5 27. Bf1 Qe7 28. Kh2 Qd7 29. Rd2 Rf8 30. Bd3 Qc6 31. Rad1 Kf7 32. Bf1 Ke7 33. Qd4 Rb8 34. Rd3 Rf8 35. Bh3 Qb7 36. R1d2 Qc8 37. Bg2 h6 38. Rd1 g5 39. h5 Bxg4 40. fxg4 Qxg4 41. Rh3 f3 42. Bf1 Qf4+ 43. Kh1 g4 44. Rh2 g3 45. Rh3 g2+ 46. Bxg2 fxg2+ 47. Kxg2 Rg5+ 48. Kh1 Qg4 49. Rh2 Qf3+ 0-1

[Event "Oberliga Baden 1415"]
[Site "Baden"]
[Date "2015.04.12"]
[Round "9.7"]
[White "Schmidt, Ulrich"]
[Black "Bastian, Martin"]
[Result "1-0"]
[WhiteElo "2121"]
[BlackElo "2197"]
[PlyCount "67"]
[EventDate "2014.09.21"]
[EventType "team-tourn"]
[EventRounds "9"]
[EventCountry "GER"]
[SourceTitle "EXT 2016"]
[Source "ChessBase"]
[SourceDate "2015.10.08"]
[SourceVersion "1"]
[SourceVersionDate "2015.10.08"]
[SourceQuality "1"]
[WhiteTeam "Walldorf"]
[BlackTeam "Karlsruhe"]
[WhiteTeamCountry "GER"]
[BlackTeamCountry "GER"]

1. d4 Nf6 2. c4 g6 3. Nc3 Bg7 4. e4 d6 5. Nge2 0-0 6. Ng3 Nbd7 7. Be2 c6 8. h4 h5 9. Be3 e5 10. d5 cxd5 11. cxd5 a6 12. Qd2 Kh7 13. 0-0-0 b5 14. Rdg1 Nb6 15. f3 Bd7 16. Kb1 Rc8 17. Bg5 Nc4 18. Bxc4 Rxc4 19. Nf1 Qc7 20. Ne3 Rc5 21. g4 Ng8 22. gxh5 gxh5 23. Nf5 Bxf5 24. exf5 f6 25. Be3 Bh6 26. Rg6 Bxe3 27. Qxe3 Qd7 28. Rhg1 Qxf5+ 29. Qe4 Qxe4+ 30. Nxe4 Rcc8 31. Rg7+ Kh8 32. Nxd6 Nh6 33. Nxc8 Rxc8 34. d6 1-0

[Event "Oberliga Baden 1415"]
[Site "Baden"]
[Date "2015.02.22"]
[Round "7.7"]
[White "Schmidt, Ulrich"]
[Black "Eidinger, Helmut"]
[Result "1/2-1/2"]
[WhiteElo "2127"]
[BlackElo "2022"]
[PlyCount "46"]
[EventDate "2014.09.21"]
[EventType "team-tourn"]
[EventRounds "9"]
[EventCountry "GER"]
[SourceTitle "EXT 2016"]
[Source "ChessBase"]
[SourceDate "2015.10.08"]
[SourceVersion "1"]
[SourceVersionDate "2015.10.08"]
[SourceQuality "1"]
[WhiteTeam "Walldorf"]
[BlackTeam "Waldshut Tiengen"]
[WhiteTeamCountry "GER"]
[BlackTeamCountry "GER"]

1. d4 Nf6 2. c4 g6 3. Nc3 d5 4. cxd5 Nxd5 5. Bd2 Bg7 6. e4 Nxc3 7. Bxc3 0-0 8. Qd2 c5 9. dxc5 Qxd2+ 10. Kxd2 Rd8+ 11. Kc2 Bxc3 12. Kxc3 Be6 13. Nf3 Nd7 14. b4 a5 15. Bc4 axb4+ 16. Kxb4 Bxc4 17. Kxc4 Rdc8 18. Kd3 Nxc5+ 19. Ke3 Ra3+ 20. Kf4 Rca8 21. Rhd1 Ne6+ 22. Kg3 Ng5 23. Rd4 Nxf3 1/2-1/2

[Event "Lueneburg distr-ch Vormeisterturnier"]
[Site "Buchholz in der Nordheide"]
[Date "2007.11.02"]
[Round "9.2"]
[White "Schmidt, Ulrich"]
[Black "Cohrs, Joerg Artur"]
[Result "1/2-1/2"]
[WhiteElo "1705"]
[BlackElo "1886"]
[PlyCount "71"]
[EventDate "2007.10.27"]
[EventType "swiss"]
[EventRounds "9"]
[EventCountry "GER"]
[SourceTitle "EXT 2015"]
[Source "ChessBase"]
[SourceDate "2014.11.20"]
[SourceVersion "1"]
[SourceVersionDate "2014.11.20"]
[SourceQuality "1"]

1. c4 f5 2. f4 Nf6 3. Nf3 g6 4. g3 Bg7 5. Bg2 0-0 6. 0-0 d6 7. d4 c6 8. Nc3 Na6 9. a3 Nc7 10. Be3 Ng4 11. Bf2 Nxf2 12. Rxf2 Ne6 13. e3 Bf6 14. Qd3 Qb6 15. b4 Bd7 16. c5 dxc5 17. bxc5 Qa5 18. Ne5 Bxe5 19. fxe5 Rad8 20. Rb1 Bc8 21. Qc4 Kh8 22. Rfb2 g5 23. Bh3 Ng7 24. d5 cxd5 25. Nxd5 Be6 26. Bg2 Rc8 27. Qb4 Qxc5 28. Qxc5 Rxc5 29. Nxe7 b6 30. Nc6 Bd5 31. Nxa7 Bxg2 32. Kxg2 Rxe5 33. Rxb6 Rxe3 34. Rb8 Ree8 35. Rxe8 Rxe8 36. Kf3 1/2-1/2

[Event "Lueneburg distr-ch Vormeisterturnier"]
[Site "Buchholz in der Nordheide"]
[Date "2007.10.29"]
[Round "4.6"]
[White "Konow, Philipp"]
[Black "Schmidt, Ulrich"]
[Result "1-0"]
[WhiteElo "1672"]
[BlackElo "1705"]
[PlyCount "67"]
[EventDate "2007.10.27"]
[EventType "swiss"]
[EventRounds "9"]
[EventCountry "GER"]
[SourceTitle "EXT 2015"]
[Source "ChessBase"]
[SourceDate "2014.11.20"]
[SourceVersion "1"]
[SourceVersionDate "2014.11.20"]
[SourceQuality "1"]

1. d4 Nf6 2. c4 g6 3. Nc3 Bg7 4. e4 d6 5. Be2 0-0 6. Bg5 h6 7. Be3 e5 8. d5 c6 9. Qd2 Kh7 10. h4 cxd5 11. cxd5 Na6 12. h5 g5 13. f3 Qa5 14. a3 Nd7 15. Nb5 Qxd2+ 16. Bxd2 Nac5 17. Be3 f5 18. Nxd6 fxe4 19. fxe4 Nb3 20. Rd1 Ndc5 21. Nxc8 Raxc8 22. Bg4 Rcd8 23. Bf5+ Kh8 24. Nf3 Rd6 25. Rf1 Rf7 26. Rf2 Rxf5 27. exf5 e4 28. Nd4 Nxd4 29. Bxd4 Bxd4 30. Rxd4 Nd3+ 31. Ke2 Nxf2 32. Kxf2 Kg7 33. Ke3 Kf6 34. Kxe4 1-0

[Event "Lueneburg distr-ch Vormeisterturnier"]
[Site "Buchholz in der Nordheide"]
[Date "2007.10.29"]
[Round "3.5"]
[White "Schmidt, Ulrich"]
[Black "Huve, Michael"]
[Result "1/2-1/2"]
[WhiteElo "1705"]
[BlackElo "1797"]
[PlyCount "39"]
[EventDate "2007.10.27"]
[EventType "swiss"]
[EventRounds "9"]
[EventCountry "GER"]
[SourceTitle "EXT 2015"]
[Source "ChessBase"]
[SourceDate "2014.11.20"]
[SourceVersion "1"]
[SourceVersionDate "2014.11.20"]
[SourceQuality "1"]

1. Nf3 d5 2. c4 d4 3. b4 g6 4. Bb2 Bg7 5. e3 e5 6. exd4 exd4 7. d3 Ne7 8. Be2 b6 9. 0-0 c5 10. Nbd2 0-0 11. Nb3 Na6 12. bxc5 bxc5 13. Ng5 Bb7 14. Bf3 Bxf3 15. Qxf3 Rb8 16. Ba3 Qb6 17. Rfe1 Nc6 18. Ne4 Ncb4 19. Bxb4 Qxb4 20. Nf6+ 1/2-1/2

[Event "Baden VLN 0304"]
[Site "Baden"]
[Date "2004.02.29"]
[Round "6.3"]
[White "Schmidt, Ulrich"]
[Black "Schwab, Markus"]
[Result "1/2-1/2"]
[WhiteElo "2154"]
[BlackElo "2141"]
[PlyCount "80"]
[EventDate "2003.10.12"]
[EventType "team-tourn"]
[EventRounds "9"]
[EventCountry "GER"]
[SourceTitle "EXT 2022"]
[Source "ChessBase"]
[SourceDate "2021.10.06"]
[SourceVersion "1"]
[SourceVersionDate "2021.10.06"]
[SourceQuality "1"]
[WhiteTeam "Neckargemuend"]
[BlackTeam "Mosbach"]
[WhiteTeamCountry "GER"]
[BlackTeamCountry "GER"]

1. d4 d5 2. c4 c6 3. cxd5 cxd5 4. Nc3 Nc6 5. Bf4 Nf6 6. e3 Bf5 7. Bb5 e6 8. Qa4 Qb6 9. Nf3 Nd7 10. 0-0 Be7 11. Rfc1 0-0 12. Ne2 Rfc8 13. h3 a6 14. Bxc6 Rxc6 15. Rxc6 Qxc6 16. Qxc6 bxc6 17. Ne5 Nxe5 18. Bxe5 f6 19. Bg3 Kf7 20. Rc1 Bd3 21. Kf1 Bb5 22. Ke1 Ke8 23. Kd2 Kd7 24. Nc3 Bb4 25. a3 Be7 26. Kc2 a5 27. Nxb5 cxb5 28. Kd3 Rc8 29. Rxc8 Kxc8 30. f3 Kd7 31. Be1 a4 32. Ba5 f5 33. Be1 Kc6 34. Bb4 Bf6 35. Bc3 g6 36. Ke2 Bh4 37. Kd3 Be7 38. Bb4 Bf6 39. Bc3 Be7 40. Bb4 Bf6 1/2-1/2

[Event "Baden VLN 0203"]
[Site "Baden"]
[Date "2003.02.09"]
[Round "6.3"]
[White "Zimmer, Frank"]
[Black "Schmidt, Ulrich"]
[Result "1-0"]
[WhiteElo "2074"]
[BlackElo "2154"]
[PlyCount "37"]
[EventDate "2002.10.13"]
[EventType "team-tourn"]
[EventRounds "9"]
[EventCountry "GER"]
[SourceTitle "EXT 2022"]
[Source "ChessBase"]
[SourceDate "2021.10.06"]
[SourceVersion "1"]
[SourceVersionDate "2021.10.06"]
[SourceQuality "1"]
[WhiteTeam "Mosbach"]
[BlackTeam "Neckargemuend"]
[WhiteTeamCountry "GER"]
[BlackTeamCountry "GER"]

1. e4 c5 2. Nc3 Nc6 3. f4 g6 4. Bc4 Bg7 5. Nf3 d6 6. d3 e6 7. 0-0 Nge7 8. f5 exf5 9. Qe1 0-0 10. Qh4 Qe8 11. Bh6 Ne5 12. Ng5 Nxc4 13. Bxg7 Kxg7 14. Qxh7+ Kf6 15. e5+ Kxe5 16. Qg7+ f6 17. Rae1+ Ne3 18. Rxe3+ Kd4 19. Rxe7 1-0

[Event "Baden VLN 0203"]
[Site "Baden"]
[Date "2002.10.13"]
[Round "1.3"]
[White "Schmidt, Ulrich"]
[Black "Jaeschke, Benno"]
[Result "1-0"]
[WhiteElo "2154"]
[BlackElo "2211"]
[PlyCount "147"]
[EventDate "2002.10.13"]
[EventType "team-tourn"]
[EventRounds "9"]
[EventCountry "GER"]
[SourceTitle "EXT 2022"]
[Source "ChessBase"]
[SourceDate "2021.10.06"]
[SourceVersion "1"]
[SourceVersionDate "2021.10.06"]
[SourceQuality "1"]
[WhiteTeam "Neckargemuend"]
[BlackTeam "Sandhausen"]
[WhiteTeamCountry "GER"]
[BlackTeamCountry "GER"]

1. d4 Nf6 2. c4 e6 3. Nc3 Bb4 4. e3 0-0 5. Nge2 d5 6. a3 Be7 7. Nf4 c6 8. Be2 Nbd7 9. cxd5 Nxd5 10. e4 Nxc3 11. bxc3 e5 12. Nh5 f5 13. exf5 exd4 14. Qxd4 Nf6 15. Qxd8 Bxd8 16. Bc4+ Kh8 17. Ng3 Ba5 18. Bd2 Nd5 19. Bxd5 cxd5 20. Rb1 b6 21. Rb5 Bb7 22. f3 Rac8 23. Rb3 Bc6 24. Rb1 Ba4 25. Rc1 Bd7 26. Ke2 Rfe8+ 27. Kf2 d4 28. Rhe1 Rxe1 29. Bxe1 dxc3 30. Ke3 Kg8 31. Kd4 Bb5 32. Ne4 Rc4+ 33. Ke5 c2 34. Bxa5 bxa5 35. Nd6 Rc6 36. Nxb5 Rc5+ 37. Ke6 Rxb5 38. Rxc2 Rb6+ 39. Ke7 Rb7+ 40. Kd6 Rb3 41. Rc7 Rxa3 42. f6 Rd3+ 43. Ke6 Re3+ 44. Kf5 g6+ 45. Kg4 Re2 46. Rg7+ Kf8 47. Kg3 a6 48. Rxh7 Re6 49. Rc7 Rxf6 50. Rc5 Rf5 51. Rc6 Rg5+ 52. Kf2 Kg7 53. Rxa6 Rb5 54. g4 Kh6 55. Kg3 Kg7 56. h4 Kf7 57. g5 Kg7 58. Ra7+ Kg8 59. f4 Kf8 60. Ra6 Kg7 61. Kg4 Rc5 62. h5 gxh5+ 63. Kxh5 Rf5 64. Kg4 Rb5 65. f5 Rb4+ 66. Kh5 a4 67. Ra7+ Kf8 68. f6 Rf4 69. Kg6 Re4 70. Ra8+ Re8 71. Rxe8+ Kxe8 72. Kg7 a3 73. f7+ Kd7 74. f8Q 1-0

[Event "Baden VLN 0102"]
[Site "Germany"]
[Date "2001.11.11"]
[Round "3.4"]
[White "Schmidt, Ulrich"]
[Black "Bloessl, Walter"]
[Result "1-0"]
[WhiteElo "2154"]
[BlackElo "2205"]
[PlyCount "105"]
[EventDate "2001.09.30"]
[EventType "team"]
[EventRounds "9"]
[EventCountry "GER"]
[SourceTitle "EXT 2003"]
[Source "ChessBase"]
[SourceDate "2002.11.25"]
[SourceVersion "1"]
[SourceVersionDate "2002.11.25"]
[SourceQuality "1"]
[WhiteTeam "Neckargemuend"]
[BlackTeam "Ladenburg"]
[WhiteTeamCountry "GER"]
[BlackTeamCountry "GER"]

1. d4 Nf6 2. c4 g6 3. Nc3 Bg7 4. e4 d6 5. Nge2 a6 6. Ng3 Nbd7 7. Be2 h5 8. h4 c5 9. d5 Ne5 10. Bf4 Nfd7 11. Qd2 Qa5 12. Nf1 Rb8 13. a4 Nb6 14. Ne3 0-0 15. 0-0 f5 16. exf5 gxf5 17. Bxe5 dxe5 18. Bxh5 f4 19. d6 fxe3 20. fxe3 Be6 21. dxe7 Rxf1+ 22. Rxf1 Nxc4 23. Qd3 Qc7 24. Nd5 Qd6 25. Qxc4 Qxd5 26. Qxd5 Bxd5 27. e8Q+ Rxe8 28. Bxe8 e4 29. Rd1 Bc4 30. Rd2 b5 31. axb5 axb5 32. Bg6 Bd3 33. Kf2 c4 34. Be8 b4 35. Ba4 b3 36. g4 Kf8 37. Kg3 Be5+ 38. Kf2 Kg7 39. Kg2 Bf6 40. g5 Be5 41. Kh3 c3 42. bxc3 Bxc3 43. Rxd3 exd3 44. Bxb3 d2 45. Kg4 Bb4 46. h5 Bc5 47. e4 Be3 48. Kf5 Bd4 49. h6+ Kh7 50. e5 Bb6 51. Bc2 Bd8 52. Kg4+ Kg8 53. g6 1-0

[Event "Baden VLN 0102"]
[Site "Germany"]
[Date "2001.10.21"]
[Round "2.2"]
[White "Florea, Dan"]
[Black "Schmidt, Ulrich"]
[Result "1/2-1/2"]
[WhiteElo "2298"]
[BlackElo "2154"]
[PlyCount "27"]
[EventDate "2001.09.30"]
[EventType "team"]
[EventRounds "9"]
[EventCountry "GER"]
[SourceTitle "EXT 2003"]
[Source "ChessBase"]
[SourceDate "2002.11.25"]
[SourceVersion "1"]
[SourceVersionDate "2002.11.25"]
[SourceQuality "1"]
[WhiteTeam "Untergrombach"]
[BlackTeam "Neckargemuend"]
[WhiteTeamCountry "GER"]
[BlackTeamCountry "GER"]

1. d4 Nf6 2. c4 e6 3. Nc3 Bb4 4. Qc2 d5 5. cxd5 exd5 6. Bg5 h6 7. Bh4 0-0 8. e3 c5 9. Bd3 cxd4 10. exd4 Re8+ 11. Nge2 Nc6 12. 0-0 Be6 13. h3 Be7 14. Qa4 1/2-1/2

[Event "Verbandsliga Nord Baden"]
[Site "Germany"]
[Date "1999.02.07"]
[Round "6.5"]
[White "Schmidt, Ulrich"]
[Black "Leibbrand, Udo Manfred"]
[Result "1/2-1/2"]
[WhiteElo "2125"]
[BlackElo "2135"]
[PlyCount "70"]
[EventDate "1998.10.11"]
[EventType "team"]
[EventRounds "9"]
[EventCountry "GER"]
[SourceTitle "EXT 2002"]
[Source "ChessBase"]
[SourceDate "2001.11.25"]
[SourceVersion "1"]
[SourceVersionDate "2001.11.25"]
[SourceQuality "1"]
[WhiteTeam "Neckargemuend"]
[BlackTeam "Pforzheim"]
[WhiteTeamCountry "GER"]
[BlackTeamCountry "GER"]

1. d4 Nf6 2. c4 e6 3. Nc3 Bb4 4. e3 0-0 5. Nge2 d5 6. a3 Be7 7. cxd5 exd5 8. b4 a5 9. b5 Nbd7 10. Nf4 Nb6 11. Bd3 c5 12. bxc6 bxc6 13. 0-0 Ba6 14. Bxa6 Rxa6 15. f3 c5 16. Qd3 Qa8 17. dxc5 Bxc5 18. Nb5 Rc8 19. Bb2 Ne8 20. Rac1 Nc4 21. Bd4 Ned6 22. Bxc5 Rxc5 23. Nc3 Nxa3 24. Ncxd5 Nac4 25. Qd4 Qa7 26. Rc3 Nb5 27. Qe4 Nbd6 28. Qd3 a4 29. Rfc1 a3 30. Nb4 a2 31. Nxa6 Qxa6 32. Ra1 h6 33. Rc2 Ra5 34. Nd5 Qb7 35. Rcxa2 Qxd5 1/2-1/2

[Event "Verbandsliga Nord Baden"]
[Site "Germany"]
[Date "1998.11.08"]
[Round "2.4"]
[White "Schmidt, Ulrich"]
[Black "Landenberger, Martin"]
[Result "0-1"]
[WhiteElo "2125"]
[BlackElo "2150"]
[PlyCount "86"]
[EventDate "1998.10.11"]
[EventType "team"]
[EventRounds "9"]
[EventCountry "GER"]
[SourceTitle "EXT 2002"]
[Source "ChessBase"]
[SourceDate "2001.11.25"]
[SourceVersion "1"]
[SourceVersionDate "2001.11.25"]
[SourceQuality "1"]
[WhiteTeam "Neckargemuend"]
[BlackTeam "Ladenburg"]
[WhiteTeamCountry "GER"]
[BlackTeamCountry "GER"]

1. d4 f5 2. e4 fxe4 3. Nc3 Nf6 4. f3 e3 5. Bxe3 e6 6. Bd3 Be7 7. Nh3 0-0 8. Qe2 b6 9. 0-0-0 c5 10. Ng5 Nc6 11. dxc5 bxc5 12. h4 Qa5 13. Bf2 Rb8 14. Bg3 Rxb2 15. Kxb2 Qb4+ 16. Kc1 Qxc3 17. Ne4 Qa3+ 18. Kd2 d5 19. Nxf6+ Bxf6 20. Bxh7+ Kxh7 21. Qd3+ Qxd3+ 22. cxd3 Ba6 23. Bd6 Be7 24. Bxe7 Nxe7 25. Rhe1 Bc8 26. Rb1 Nc6 27. Rbc1 c4 28. dxc4 d4 29. Rb1 Kg6 30. Rb5 Rf5 31. a3 Kf6 32. Rxf5+ Kxf5 33. g3 Ba6 34. c5 e5 35. Re4 Na5 36. Kc2 Nc4 37. a4 Bb7 38. g4+ Ke6 39. Re1 Bxf3 40. g5 Kd5 41. Kb3 d3 42. Rg1 d2 43. Kc2 e4 0-1